000 00602nam a2200181Ia 4500
005 20250508170223.0
008 008 250505s9999 xx 000 0 eng d
037 _aDissertations
040 _aFEDL
_beng
_cFEDL
041 _aeng
_2eng
084 _a371.9, UPA/DI
_qFEDL
100 _aBhavya Upmanyu
_9783500
245 0 _aInclusive education, diversity and challenges through analysis of different policies amoung the school going students of CBSE
260 _c2023
546 _aM.Ed Dissertation (Delhi University)
942 _cDIS
_h371.9, UPA/DI
999 _c1399866
_d1399866